Les 100 plus grandes villes d'Afrique (sur une carte) - Statistiques

Statistiques générales
  • Ce quiz a été pris 2 794 fois
  • Le résultat moyen est 42 sur 100
Réponses sur la Carte
Les réponses sont colorées sur une échelle allant du rouge au vert en fonction du pourcentage des utilisateurs qui les ont devinées à leur premier essai. Vous pouvez retrouver ces pourcentages ci-dessous.
 
Statistiques - réponses
Population Ville % Correct
7,8 m Alger
98%
24,4 m Le Caire
96%
2,7 m Tunis
95%
2,2 m Rabat
92%
3,7 m Dakar
91%
12,6 m Kinshasa
90%
4,0 m Le Cap
90%
4,3 m Casablanca
88%
2,4 m Tripoli
88%
4,4 m Bamako
87%
14,7 m Gauteng (Johannesbourg-Pretoria)
87%
5,3 m Alexandrie
85%
22,8 m Lagos
85%
4,7 m Abidjan
83%
1,8 m Brazzaville
83%
7,6 m Nairobi
82%
1,3 m Marrakech
81%
8,5 m Khartoum
80%
4,6 m Addis-Abeba
79%
9,2 m Luanda
78%
3,2 m Antananarivo
77%
2,8 m Yaoundé
77%
1,0 m Libreville
74%
1,3 m Oran
74%
5,4 m Accra
72%
1,6 m Niamey
71%
1,6 m Abuja
70%
5,6 m Dar es Salaam
69%
1,9 m N'Djamena
69%
1,1 m Nouakchott
69%
2,3 m Conakry
68%
2,3 m Mogadiscio
68%
2,1 m Lomé
66%
1,6 m Freetown
65%
3,0 m Ouagadougou
64%
1,4 m Kigali
63%
1,1 m Bangui
62%
2,6 m Maputo
61%
1,1 m Tanger
61%
3,5 m Harare
60%
3,1 m Lusaka
58%
4,1 m Kampala
57%
1,7 m Monrovia
54%
1,3 m Asmara
51%
2,8 m Douala
48%
0,9 m Porto-Novo
48%
3,7 m Durban
47%
1,1 m Banjul
45%
0,9 m Djouba
45%
1,1 m Agadir
44%
5,0 m Kano
44%
2,6 m Lilongwe
43%
2,4 m Cotonou
38%
1,3 m Louxor
37%
0,9 m Port-Louis
34%
1,4 m Benghazi
33%
1,2 m Bujumbura
30%
1,3 m Port Elizabeth
30%
1,5 m Mombasa
28%
5,9 m Ibadan
27%
1,2 m Fez
25%
2,1 m Lubumbashi
23%
1,2 m Pointe-Noire
21%
2,6 m Benin City
20%
1,0 m Sousse - Monastir
20%
2,3 m Port Harcourt
17%
2,5 m Kumasi
16%
1,1 m Goma
15%
1,6 m Kisangani
11%
3,4 m Mbuji-Mayi
11%
1,3 m Kananga
7%
1,7 m Aba
6%
1,3 m Blantyre
6%
1,2 m Lobito - Benguela
6%
1,0 m Bukavu
5%
2,2 m Kaduna
5%
0,8 m Las Palmas
5%
1,2 m Bulawayo
4%
1,1 m Huambo
4%
1,1 m Kolwezi
4%
1,2 m Maiduguri
4%
1,7 m Onitsha
4%
0,9 m Santa Cruz de Tenerife
4%
0,9 m Touba
4%
1,3 m Cape Coast
3%
1,5 m Damietta
3%
1,2 m Ilorin
3%
1,3 m Kikwit
3%
0,9 m Bunia
2%
0,9 m Butembo
2%
1,2 m Kitwe
2%
1,2 m Mbandaka
2%
1,3 m Mwene-Ditu
2%
1,0 m Nampula
2%
1,3 m Ogbomosho
2%
1,5 m Tshikapa
2%
1,0 m Warri
2%
1,1 m Abeokuta
1%
1,0 m Bandundu
1%
2,1 m Osogbo
1%
Aucun quiz correspondant
Distribution des résultats
% des personnes avec chaque résultat
Percentile par nombre de réponses
Votre historique - résultats
Vous n’avez pas pris ce quiz